Photo quiz: choose the city - Statistics

General Stats
  • This quiz has been taken 41 times
  • The average score is 5 of 10
Answer Stats
Question Answer % Correct
Eindhoven
75%
Minsk
67%
Sheffield
63%
Colchester
58%
Canberra
46%
Bratislava
46%
Almaty
38%
N'Djamena
38%
Grenoble
21%
Nuku'Alofa
0%
No matching quizzes found
Score Distribution
Percent of People with Each Score
Percentile by Number Answered
Your Score History
You have not taken this quiz